wertvollsten Unternehmen jedes Landes - Statistiken

Allgemein
  • Dieses Quiz wurde 251 mal gespielt
  • Das Durchschnittsergebnis liegt bei 4 aus 17
Antwortstatistiken
Staat Unternehmen % Korrekt
USA Apple
91%
Südkorea Samsung
71%
Deutschland SAP
49%
Japan Toyota
48%
Schweiz Nestlé
31%
Saudi-Arabien Saudi Aramco
29%
UK Shell
25%
Taiwan TSMC
21%
Frankreich LVMH
16%
Niederlande ASML
13%
China Tencent
13%
Dänemark Novo Nordisk
11%
Belgien Anheuser-Busch
5%
Australien BHP Group
3%
Italien Enel
2%
Spanien Inditex
2%
Kanada Royal Bank of Canada
2%
Keine übereinstimmenden Quizze gefunden
Verteilung der Resultate
Anzahl Personen mit jedem Resultat
Perzentil nach korrekt beantworteten Fragen
Ihre Resultats-Entwicklung
Sie haben dieses Quiz noch nicht gespielt